000
00316nam a2200133Ia 4500
008
191201s2012 xx 000 0 und d
100
_a
ARORA, Anurag
245
0
_a
Microcontrollers and Embedded Systems
250
_a
1st
260
_a
N. Delhi
_b
UDH
_c
2012
300
_a
384
650
_a
B.Tech(ECE)
942
_2
ddc
_c
BK
999
_c
112
_d
112